01129cpcaa2200289 a 4500001001300000003000400013005001700017008004100034010001700075040002400092072001200116100005600128245004600184300001300230506002200243520007600265545007300341546003600414580005700450583009500507610004200602651005000644656006100694656002100755656004600776999001700822mm 97006344 DLC20260227111726.0970103|||||||||||| eng  amm 97006344  aDLCcDLCdDLCedacs 7aW2lcmd1 aMallory, Stephen R.q(Stephen Russell),d1813-1873.00aStephen R. Mallory correspondence,f1861. a1fitem.0 aOpen to research.8 aLetter (7 May 1861) addressed to Mallory regarding a naval appointment.0 aU.S. senator from Florida, C.S.A. secretary of the navy, and lawyer. aCollection material in English. aForms part of: Miscellaneous Manuscripts collection. aOriginally processed as part of the John Tyler Papers from which it was separated in 1997.10aConfederate States of America.bNavy. 0aUnited StatesxHistoryyCivil War, 1861-1865. 7aCabinet officerszConfederate States of America.2itoamc 7aLawyers.2itoamc 7aSenators, U.S. CongresszFlorida.2itoamc c44401d44401